| 000 | 00805 a2200205 4500 | ||
|---|---|---|---|
| 003 | Nust | ||
| 005 | 20221129111013.0 | ||
| 020 | _a812970644X | ||
| 040 | _cNust | ||
| 082 | _a621.3815,RAO | ||
| 100 |
_aRao B.Visvesvara _9103760 |
||
| 245 |
_aElectronic devices and circuits for JNTU / _cB.Visvesvara Rao & K Raja Rajeswari |
||
| 250 | _a1st ed | ||
| 260 |
_aDelhi _bpearson education _c2005 |
||
| 300 |
_axiii,408 p _billus _c24 cm |
||
| 505 | _aElectron Dynamics and Cathode Ray Oscilloscope (Page-1), Semiconductor Diodes and Rectifiers (Page-48),Transistors (Page-157), Amplifiers using Bipolar Junction Transistors of FET (Page-230), Feedback Amplifiers (Page-304), Oscillators (Page-344). | ||
| 600 |
_aRao B.Visveesvara _9103761 |
||
| 650 | _aTelecommunication engineering | ||
| 942 |
_2ddc _cBK |
||
| 999 |
_c182130 _d182130 |
||